Welcome to CU Library Online Public Access Catalogue (OPAC)

The Christian message and myth; (Record no. 6840)

MARC details
000 -LEADER
fixed length control field 00500cam a22001691 4500
001 - CONTROL NUMBER
control field 10290668
005 - DATE AND TIME OF LATEST TRANSACTION
control field 20250703161830.0
008 - FIXED-LENGTH DATA ELEMENTS--GENERAL INFORMATION
fixed length control field 740416s1958 enk b 000 0 eng
041 1# - LANGUAGE CODE
Language code of text/sound track or separate title eng
-- fre
050 00 - LIBRARY OF CONGRESS CALL NUMBER
Classification number BS2378
Item number .M313
100 1# - MAIN ENTRY--PERSONAL NAME
Personal name Malevez, Léopold,
Dates associated with a name 1900-
245 14 - TITLE STATEMENT
Title The Christian message and myth;
Remainder of title the theology of Rudolf Bultmann.
Statement of responsibility, etc. [Translated by Olive Wyon]
260 ## - PUBLICATION, DISTRIBUTION, ETC.
Place of publication, distribution, etc. London,
Name of publisher, distributor, etc. SCM Press
Date of publication, distribution, etc. [1958]
300 ## - PHYSICAL DESCRIPTION
Extent 215 p.
Dimensions 22 cm.
650 #0 - SUBJECT ADDED ENTRY--TOPICAL TERM
Topical term or geographic name entry element Demythologization.
942 ## - ADDED ENTRY ELEMENTS (KOHA)
Source of classification or shelving scheme Library of Congress Classification
Koha item type Books
Suppress in OPAC No
999 ## -
-- 6840
-- 6840
Holdings
Withdrawn status Lost status Source of classification or shelving scheme Damaged status Not for loan Collection Home library Current library Shelving location Date acquired Total checkouts Full call number Barcode Date last seen Copy number Price effective from Koha item type
    Library of Congress Classification     Non-fiction Undergraduate Library (Christ Temple) Undergraduate Library (Christ Temple) General stacks 07/03/2025   BS2378.M313 MAL ulct00003684 07/03/2025 1 06/10/2025 Books
© 2023-2024 Copyright: Central University Libraries. All Rights Reserved | Created by: Mahone Tech Office